[Event "ch-Balkan"]
[Site "Istanbul TUR"]
[Date "2001.11.22"]
[Round "5"]
[White "Soylu,S"]
[Black "Stanojoski,Z"]
[Result "1-0"]
[WhiteElo "2385"]
[BlackElo "2434"]

1.e4 c5 2.Nf3 Nc6 3.Bb5 g6 4.O-O Bg7 5.c3 e5 6.d3 Nge7 7.Be3 d6 8.d4 exd4
9.cxd4 O-O 10.Nc3 b6 11.h3 Bb7 12.Rc1 a6 13.Be2 cxd4 14.Nxd4 b5 15.a4 b4
16.Nd5 Bxd4 17.Bxd4 Nxd5 18.exd5 Nxd4 19.Qxd4 Qa5 20.Bf3 Qxa4 21.Rc7 Qb5
22.Re1 Rae8 23.Re3 a5 24.h4 Rxe3 25.fxe3 h5 26.e4 a4 27.Kh2 a3 28.bxa3 bxa3
29.Bxh5 Rc8 30.Re7 Bxd5 31.Bg4 Rc1 32.Bd7  1-0

[Event "American Open"]
[Site "Los Angeles USA"]
[Date "2001.11.22"]
[Round "1"]
[White "Smith,V"]
[Black "Casella,M"]
[Result "1/2-1/2"]
[WhiteElo "2020"]
[BlackElo "2321"]

1.e4 c5 2.Nf3 Nc6 3.Bb5 g6 4.O-O Bg7 5.c3 Nf6 6.Qe2 O-O 7.Rd1 a6 8.Ba4 b5
9.Bc2 Bb7 10.a4 Qb6 11.d3 d6 12.Nbd2 Rac8 13.Nf1 Ne5 14.axb5 Nxf3+ 15.Qxf3 axb5
16.Ng3 d5 17.Qe2 dxe4 18.dxe4 Rfd8 19.Be3 Qc6 20.Ra5 Rxd1+ 21.Qxd1 h5 22.f3 Nd7
23.Qe2 h4 24.Nh1 c4 25.Nf2 Nc5 26.Bxc5 Qxc5 27.f4 Rd8 28.Kf1 Bh6 29.g3 hxg3
30.hxg3 Bg7 31.e5 Qb6 32.Ra1 e6 33.Ne4 Bxe4 34.Bxe4 Bf8 35.Ra8 Rxa8 36.Bxa8 Qa6
37.Bf3 Qa1+ 38.Kg2 Bc5 39.Qd2 Kg7 40.Kh3 Qb1 41.Bc6 g5 42.fxg5 Qf5+ 43.Kh4 Qh7+
44.Kg4 Qf5+ 45.Kh4 Qxe5 46.Qf4  1/2-1/2

[Event "NCC"]
[Site "Philadelphia USA"]
[Date "2001.11.24"]
[Round "3"]
[White "Hoekstra,M"]
[Black "Paschall,W"]
[Result "1/2-1/2"]
[WhiteElo "2212"]
[BlackElo "2393"]

1.e4 c5 2.Nf3 Nc6 3.Bb5 d6 4.O-O Bd7 5.c3 Nf6 6.Re1 a6 7.Bxc6 Bxc6 8.d4 Bxe4
9.Bg5 Bd5 10.Nbd2 e6 11.c4 Bxf3 12.Qxf3 cxd4 13.Bxf6 gxf6 14.Qxb7 Qc8 15.Qb6 f5
16.Qxd4 Rg8 17.Qd3 Be7 18.Nf3 Qb7 19.Re2 Rd8 20.Rc1 Kf8 21.Qc3 Rb8 22.Kh1 Qb4
23.Qd4 Qb6 24.Qc3 Rg7 25.Nd4 Rg6 26.Nxe6+ fxe6 27.Qh8+ Kf7 28.Qxh7+ Rg7 29.Qh5+ Kg8
30.Qh6 e5 31.Qe6+ Kh8 32.Rc3 Rh7 33.c5 dxc5 34.Qxf5 Rd8 35.h3 Qd6 36.Re4 Qd1+
37.Kh2 Rh5 38.Qg6 Rc8 39.Qf7 Rh7 40.Qf5 Qd6 41.Rg3 Rf8 42.Qg4 Qh6 43.Qe2 Bg5
44.Ra3 Bf4+ 45.Kg1 Rd8 46.Rea4 Rhd7 47.g4 Qc6 48.Qe4 Rd1+ 49.Kg2 Qxe4+ 50.Rxe4 R8d4
51.Re2 R4d2 52.Rxd2 Rxd2 53.Rxa6 Be3 54.Kf3 Bd4 55.g5 Rxf2+ 56.Kg4 e4 57.Kh5 Kg7
58.Ra7+ Rf7 59.Rxf7+ Kxf7 60.Kg4 c4 61.Kf4 e3 62.Kf3 Ke6 63.h4 Kf5 64.a4 Bb6
65.a5 Bxa5 66.Kxe3 Ke5 67.g6 Bb6+ 68.Kd2 Kf6  1/2-1/2

[Event "ch-ROM w"]
[Site "Targoviste ROM"]
[Date "2001.11.24"]
[Round "1"]
[White "Ionescu Brandis,I"]
[Black "Ciobanu,C"]
[Result "0-1"]
[WhiteElo "2338"]
[BlackElo "2239"]

1.e4 c5 2.Nf3 Nc6 3.Bb5 e6 4.O-O Nge7 5.b3 Nd4 6.Nxd4 cxd4 7.Bb2 a6 8.Be2 Nc6
9.d3 Be7 10.f4 O-O 11.Nd2 d6 12.Qe1 b5 13.Qg3 Bh4 14.Qh3 e5 15.Bg4 exf4 16.Kh1 Bg5
17.Nf3 Bf6 18.a4 Be5 19.Bc1 Nb4 20.Rf2 Bxg4 21.Qxg4 Qc8 22.Qxc8 Rfxc8 23.Ne1 g5
24.Bd2 Nc6 25.Nf3 f6 26.Rff1 h6 27.Ra2 Kf7 28.axb5 axb5 29.Rfa1 Rab8 30.Be1 Ke6
31.Ra6 d5 32.Bf2 dxe4 33.dxe4 Kf7 34.Kg1 Rb7 35.Ne1 d3 36.Nxd3 Bxa1 37.Rxa1 Rcc7
38.Nc5 Ra7 39.Re1 Ra2 40.Re2 Nb4  0-1

[Event "FIDE WCh Women KO"]
[Site "Moscow RUS"]
[Date "2001.11.27"]
[Round "1.1"]
[White "Starr,N"]
[Black "Peptan,C"]
[Result "0-1"]
[WhiteElo "2208"]
[BlackElo "2462"]

1.e4 c5 2.Nf3 Nc6 3.Bb5 g6 4.O-O Bg7 5.Re1 e5 6.h3 Nge7 7.Nc3 O-O 8.d3 h6
9.Nd5 Nxd5 10.exd5 Nd4 11.Bc4 b5 12.Nxd4 bxc4 13.Nf3 cxd3 14.Nxe5 dxc2 15.Qxc2 d6
16.Nc6 Qf6 17.Qb3 Ba6 18.Rb1 Rfe8 19.Bd2 Qh4 20.Qf3 Bb5 21.Rxe8+ Rxe8 22.Nxa7 Be2
23.Qf4 Qh5 24.Qxd6 Qf5 25.Re1 Bd4 26.Be3 Rxe3 27.fxe3 Bxe3+ 28.Kh1 Qf2 29.Ra1 Bf3
30.Qh2 Bf4 31.Qxf4  0-1

[Event "9th YM"]
[Site "Loures POR"]
[Date "2001.11.29"]
[Round "3"]
[White "Pinheiro,J"]
[Black "Nogueira,N"]
[Result "0-1"]
[WhiteElo "2339"]
[BlackElo "2276"]

1.e4 c5 2.Nf3 Nc6 3.Bb5 Qc7 4.O-O e6 5.Re1 Nge7 6.Nc3 d6 7.d4 cxd4 8.Nxd4 Bd7
9.Bg5 a6 10.Bxc6 bxc6 11.Bh4 e5 12.Nb3 Ng6 13.Bg5 h6 14.Be3 Be7 15.Qd3 O-O
16.Na4 c5 17.Nc3 c4 18.Nd5 Qc6 19.Qd2 cxb3 20.cxb3 Bd8 21.Rac1 Qb7 22.Nc3 Bc6
23.Qxd6 Ba5 24.f3 Rfd8 25.Qc5 Bb4 26.Qc4 Rac8 27.Red1 Bf8 28.Qf1 Nf4 29.Rxd8 Rxd8
30.Rd1 Rxd1 31.Qxd1 Qd7 32.Qf1 Qd3 33.Bxf4 Bc5+  0-1

[Event "ch-ROM"]
[Site "Targoviste ROM"]
[Date "2001.11.29"]
[Round "6"]
[White "Berescu,A"]
[Black "Cosma,I"]
[Result "0-1"]
[WhiteElo "2422"]
[BlackElo "2472"]

1.e4 c5 2.Nf3 Nc6 3.Bb5 g6 4.Bxc6 dxc6 5.d3 Bg7 6.h3 Nf6 7.Nc3 Nd7 8.Be3 e5
9.Qd2 h6 10.O-O Qe7 11.a3 b6 12.Rfb1 Bb7 13.b4 f5 14.exf5 gxf5 15.bxc5 Nxc5
16.Bxc5 Qxc5 17.d4 exd4 18.Re1+ Kf7 19.Qf4 Qxc3 20.Qxf5+ Kg8 21.Qe6+ Kh7
22.Qf5+ Kg8 23.Nh4 d3 24.Qe6+ Kh7 25.Qg6+ Kg8 26.Re8+ Rxe8 27.Qxe8+ Kh7 28.Qe4+ Kg8
29.Re1 Qe5 30.Qc4+ Qd5 31.Qg4 Qf7 32.cxd3 h5 33.Qg5 Qf6 34.Qg3 c5 35.Qb8+ Kh7
36.Qxb7 Qxh4 37.Re4 Qf6 38.Qd5 Rd8 39.Qxh5+ Kg8 40.Re8+ Rxe8 41.Qxe8+ Qf8
42.Qe2 Qf7 43.a4 Kf8 44.g4 Qf4 45.Kg2 Qxa4 46.Qf3+ Ke7 47.g5 Qd4 48.Qb7+ Qd7
49.Qe4+ Kd6 50.Kg3 Qe7 51.Qg6+ Kc7 52.f4 a5 53.f5 Qd6+  0-1

[Event "Admiralteiskii Women"]
[Site "St Petersburg RUS"]
[Date "2001.12.03"]
[Round "1"]
[White "Zimina,O"]
[Black "Kochetkova,J"]
[Result "0-1"]
[WhiteElo "2326"]
[BlackElo "2257"]

1.e4 c5 2.Nf3 Nc6 3.Bb5 e6 4.Bxc6 bxc6 5.d3 Ne7 6.O-O Ng6 7.Ng5 f6 8.Nh3 Be7
9.f4 O-O 10.Be3 d6 11.Nd2 f5 12.Qe2 Rb8 13.b3 fxe4 14.dxe4 d5 15.Nf3 Rb4
16.e5 Qe8 17.g3 Rf7 18.Nf2 Qf8 19.Nh3 Qe8 20.Kh1 h6 21.Nf2 Rb8 22.Ne1 c4
23.Bxa7 Ra8 24.Be3 Ba6 25.bxc4 Bxc4 26.Ned3 Bxa2 27.Bc5 Bc4 28.Qe3 Nf8 29.Ng4 Nd7
30.Bxe7 Rxe7 31.Kg1 c5 32.Rfe1 d4 33.Qd2 Bd5 34.Ndf2 h5 35.Rxa8 Bxa8 36.Qd3 hxg4
37.Nxg4 Qh5 38.Qe2 Qf5 39.h3 Bd5 40.Kh2 Nf8 41.Nf2 Rb7 42.Ra1 c4 43.Rd1 Rb2
44.Rxd4 Qxc2 45.Qxc2 Rxc2 46.Kg1 c3 47.Kf1 Rxf2+  0-1

[Event "Admiralteiskii Women"]
[Site "St Petersburg RUS"]
[Date "2001.12.04"]
[Round "2"]
[White "Zimina,O"]
[Black "Kalinina,V"]
[Result "1/2-1/2"]
[WhiteElo "2326"]
[BlackElo "2271"]

1.e4 c5 2.Nf3 Nc6 3.Bb5 g6 4.O-O Bg7 5.Re1 Nf6 6.e5 Nd5 7.Nc3 Nc7 8.Bxc6 dxc6
9.Ne4 Ne6 10.d3 O-O 11.Be3 b6 12.Qd2 Qd5 13.Bh6 Nd4 14.Nxd4 Qxd4 15.Bxg7 Kxg7
16.Ng3 Qxb2 17.Qg5 Re8 18.a4 h6 19.Qd2 Qd4 20.Ra3 Be6 21.c3 Qd7 22.Re3 c4
23.d4 c5 24.Ne2 Rad8 25.Ra1 Bg4 26.f3 Bf5 27.Qe1 Qc6 28.dxc5 Rd3 29.Nd4 Qxc5
30.Kh1 Rd8 31.Re2 R8xd4 32.cxd4 Qxd4 33.Qg1 c3 34.g4 Bd7 35.Qxd4 Rxd4 36.Rc2 Bxa4
37.Rxc3 a5 38.Kg2 Rb4 39.Rc7 e6 40.Rac1 Bb3 41.Kg3 Bd5 42.R1c3 g5 43.h4 a4
44.Rc8 b5 45.hxg5 hxg5 46.Rb8 Bc4 47.Rxc4 Rxc4 48.Rxb5 Rc1 49.Ra5 Ra1 50.Ra8 a3
51.Kf2 a2 52.Kg2 f6 53.Ra7+ Kg6 54.exf6 Kxf6 55.Ra5 Ke7 56.Ra6 Kd7 57.Ra7+ Kc6
58.Ra6+ Kb5 59.Ra8 Kc4 60.Rc8+ Kd3 61.Rd8+ Ke3 62.Ra8 e5 63.Ra3+ Kd2 64.Ra8 Ke1
65.Ra5 Rd1 66.Rxa2 Rd2+ 67.Rxd2 Kxd2 68.Kh2 Kd3 69.Kh3 Kc2 70.Kg2 Kc3 71.Kg3 Kd3
72.Kh3 Kc2 73.Kg2 Kd1 74.Kh1 Kc1 75.Kg1 Kd2 76.Kh2  1/2-1/2

[Event "ch-ROM"]
[Site "Targoviste ROM"]
[Date "2001.12.04"]
[Round "10"]
[White "Nevednichy,V"]
[Black "Parligras,M"]
[Result "1/2-1/2"]
[WhiteElo "2593"]
[BlackElo "2431"]

1.e4 c5 2.Nf3 Nc6 3.Bb5 d6 4.c3 Nf6 5.Qe2 Bd7 6.d4 cxd4 7.cxd4 a6 8.Bxc6 Bxc6
9.d5 Bd7 10.Nc3 Bg4 11.Be3 g6 12.Bd4 Bg7 13.h3 Bxf3 14.Qxf3 O-O 15.Qe3 Rc8
16.O-O Nd7 17.Bxg7 Kxg7 18.Qd4+ Kg8 19.Rac1 Qb6 20.Qxb6 Nxb6  1/2-1/2

[Event "ch-ROM"]
[Site "Targoviste ROM"]
[Date "2001.12.04"]
[Round "10"]
[White "Itkis,B"]
[Black "Cosma,I"]
[Result "1/2-1/2"]
[WhiteElo "2472"]
[BlackElo "2472"]

1.e4 c5 2.Nf3 Nc6 3.Bb5 g6 4.O-O Bg7 5.Re1 Nf6 6.e5 Nd5 7.Nc3 Nc7 8.Bxc6 dxc6
9.Ne4 b6 10.Nf6+ Kf8 11.Ne4 Bg4 12.d3 Ne6 13.Ned2 Qd5 14.h3 Bxf3 15.Nxf3 Rd8
16.b3 f5 17.exf6 exf6 18.Bb2 Kf7 19.a4 Rhe8 20.Rb1 Nf4 21.Bc1 Rxe1+ 22.Nxe1 Ne6
23.Nf3 f5 24.Ng5+ Nxg5 25.Bxg5 Re8 26.Qd2 Qe5  1/2-1/2

[Event "FSGMB December"]
[Site "Budapest HUN"]
[Date "2001.12.05"]
[Round "5"]
[White "Balogh,C"]
[Black "Munoz Pantoja,M"]
[Result "1/2-1/2"]
[WhiteElo "2367"]
[BlackElo "2375"]

1.e4 c5 2.Nf3 Nc6 3.Bb5 Nf6 4.Nc3 Nd4 5.e5 Nxb5 6.Nxb5 Nd5 7.Ng5 f5 8.c4 Nc7
9.Qh5+ g6 10.Nxc7+ Qxc7 11.Qe2 e6 12.d3 b6 13.h4 h6 14.Nh3 Bb7 15.Nf4 Rg8
16.Rg1 O-O-O 17.g4 Be7 18.gxf5 gxf5 19.Ng6 d6 20.Bf4 dxe5 21.Bxe5 Bd6 22.O-O-O Bxe5
23.Nxe5 Qe7 24.h5 Rge8 25.Rg6 Rd4 26.Rdg1 Red8 27.Rxh6 Be4 28.dxe4 Rxe4 29.Qf3 Qd6
30.Nd3 Rxc4+ 31.Kb1 Qxd3+ 32.Qxd3 Rxd3 33.Rxe6 Kb7 34.Re7+ Ka6 35.h6 Rh4
36.h7 Rd2 37.Rf1 Rd6 38.Rg1 Rd2 39.Rf1 Rh2 40.Rf7 Rd6 41.Kc1 Rdh6 42.Rxf5 Rxh7
43.Rd1 Re7 44.Rd2 Kb5 45.Kc2 Rh4 46.b3  1/2-1/2

[Event "FSGMB December"]
[Site "Budapest HUN"]
[Date "2001.12.06"]
[Round "6"]
[White "Colovic,A"]
[Black "Munoz Pantoja,M"]
[Result "1/2-1/2"]
[WhiteElo "2364"]
[BlackElo "2375"]

1.e4 c5 2.Nf3 Nc6 3.Bb5 Nf6 4.Nc3 Nd4 5.e5 Nxb5 6.Nxb5 Nd5 7.Ng5 f6 8.Ne4 f5
9.c4 Nc7 10.Nxc5 Nxb5 11.cxb5 Qb6 12.d4 Qxb5 13.Nd3 b6 14.Qf3 Rb8 15.O-O Bb7
16.Qxf5 e6 17.Qh5+ g6 18.Qh3 Bg7 19.Bg5 O-O 20.Qe3 Rf7 21.f3 Rbf8 22.Rad1 Rf5
23.b3 R8f7 24.Bh4 h5 25.Bg5 Kh7 26.h4 Bf8 27.Nb2 Bd5 28.Na4 Qa5 29.Nc3 Bc6
30.a4 d6 31.exd6 Bxd6 32.Qxe6 Qxc3 33.Qxd6 Bd7 34.Rde1 Qxb3 35.Re7 Rxe7 36.Qxe7+ Rf7
37.Qe5 Qxa4 38.d5 Qb4 39.Rc1 Rf5 40.Qe4 Qd6 41.Rd1 a5 42.Be7 Qg3 43.Bd8 Qd6
44.Be7 Qg3 45.Bd8 Qd6  1/2-1/2

[Event "9th YM"]
[Site "Loures POR"]
[Date "2001.12.06"]
[Round "10"]
[White "Fernando,D"]
[Black "Ribeiro,L"]
[Result "1-0"]
[WhiteElo "2367"]
[BlackElo "2044"]

1.e4 c5 2.Nf3 Nc6 3.Bb5 g6 4.O-O Bg7 5.Nc3 d6 6.e5 dxe5 7.Bxc6+ bxc6 8.Re1 Qc7
9.b3 Nh6 10.Ba3 c4 11.h3 O-O 12.Qe2 Be6 13.Nxe5 Nf5 14.Bc5 Rfd8 15.Nf3 Qa5
16.b4 Qc7 17.Rad1 a5 18.a3 axb4 19.axb4 h6 20.Ra1 Qb7 21.Rxa8 Rxa8 22.g4 Nd6
23.Nd4 Bxd4 24.Bxd4 Nb5 25.Nxb5 Qxb5 26.Bc5 Qb7 27.Qe5 Qb8 28.Qe3 Qf8 29.Bd4 Kh7
30.Qe5 Bd5 31.b5 e6 32.b6 c5 33.Bc3 Rb8 34.Rb1 Rb7 35.Qf6 Bc6 36.Be5 Rd7
37.Ra1 g5 38.Kh2 Bb7 39.Ra7 Qg8 40.Kg3 Qf8 41.h4 gxh4+ 42.Kxh4 Qg8 43.f4  1-0

[Event "Admiralteiskii Women"]
[Site "St Petersburg RUS"]
[Date "2001.12.06"]
[Round "4"]
[White "Zimina,O"]
[Black "Kharashkina,B"]
[Result "1/2-1/2"]
[WhiteElo "2326"]
[BlackElo "2178"]

1.e4 c5 2.Nf3 Nc6 3.Bb5 e6 4.Bxc6 bxc6 5.d3 Ne7 6.O-O Ng6 7.Ng5 f6 8.Nh3 Be7
9.f4 d6 10.Be3 O-O 11.Nd2 f5 12.Qe2 Bf6 13.Rab1 Ba6 14.b3 Ne7 15.e5 dxe5
16.fxe5 Bxe5 17.Bxc5 Bd4+ 18.Bxd4 Qxd4+ 19.Kh1 Rf6 20.Ng5 Qd6 21.Rbe1 Rh6
22.Qe5 Qxe5 23.Rxe5 Bc8 24.Nc4 Rg6 25.Nf3 Nd5 26.Rfe1 Bd7 27.Nd4 Re8 28.Nd6 Rd8
29.Nb7 Rb8 30.Nc5 Rd8 31.Ncxe6 Bxe6 32.Nxe6 Re8 33.a3 h6 34.Kg1 f4 35.Nd4 Rxe5
36.Rxe5 Ne3 37.g3 Ng4 38.Re6 Rxe6 39.Nxe6 fxg3 40.hxg3 Ne3 41.c4 Nc2 42.d4 Nxa3
43.Nd8 Nb1 44.c5 Nd2 45.d5 Kf8 46.b4 cxd5 47.Nc6 Ke8 48.Nxa7 Kd7 49.Nb5 Nb3
50.Kf2 Nc1 51.Ke3 Na2 52.Nd6 Nxb4 53.Nf5 Kc6  1/2-1/2

[Event "ch-ROM"]
[Site "Targoviste ROM"]
[Date "2001.12.06"]
[Round "12"]
[White "Vasiesiu,D"]
[Black "Tugui,A"]
[Result "1/2-1/2"]
[WhiteElo "2440"]
[BlackElo "2337"]

1.e4 c5 2.Nf3 Nc6 3.Bb5 e5 4.Bxc6 dxc6 5.d3 Bd6 6.Nbd2 Ne7 7.Nc4 Ng6 8.Be3 O-O
9.Qd2 b6 10.h4 Bc7 11.h5 Nf4 12.Bxf4 exf4 13.h6 g6 14.O-O-O b5 15.Qc3 f6
16.Ncd2 Qe7 17.d4 c4 18.d5 Bb7 19.Rhe1 Rfe8 20.dxc6 Bxc6 21.Nd4 Bd7 22.Nxc4 Rac8
23.Nd2 a5 24.N2f3 a4 25.Qd3 Red8 26.Nxb5 Be6 27.Qa3 Qxa3 28.Nxa3 Bxa2 29.Rxd8+ Bxd8
30.Rd1 Be7 31.Rd7 Bf8 32.Ra7 Bc4 33.Nxc4 Rxc4 34.Nd2 Bxh6 35.f3 Rc5 36.Rxa4 Rg5
37.b4 Bf8 38.c4 h5 39.b5 Bc5 40.Nb3 Be3+ 41.Kb1 Rxg2 42.c5 Rg5 43.Rc4 h4
44.b6 h3 45.b7 h2 46.b8=Q+ Kg7 47.Qc7+ Kh6 48.Qd8 Rh5 49.Qd1 h1=Q 50.Qxh1 Rxh1+
51.Kc2 Rh2+ 52.Kd3 Rb2 53.Nd4 Bxd4 54.Kxd4 Rd2+ 55.Kc3 Rd8 56.Rd4 Rc8 57.Kc4 Kg5
58.Rd6 Kh4 59.Rxf6 g5 60.Rg6 Kg3 61.Rxg5+ Kxf3 62.Kd4 Re8 63.e5 Rd8+ 64.Kc4 Ke4
65.e6 Re8  1/2-1/2

[Event "Open"]
[Site "Rijeka CRO"]
[Date "2001.12.07"]
[Round "7"]
[White "Golubovic,B"]
[Black "Dumpor,A"]
[Result "1-0"]
[WhiteElo "2458"]
[BlackElo "2325"]

1.e4 c5 2.Nf3 Nc6 3.Bb5 g6 4.Bxc6 dxc6 5.d3 Bg7 6.h3 Nf6 7.Nc3 O-O 8.Be3 Nd7
9.Qd2 Re8 10.O-O e5 11.a3 Qe7 12.Nh2 Nf8 13.Na4 Ne6 14.b4 cxb4 15.axb4 Bd7
16.Nc5 b6 17.Nxd7 Qxd7 18.Ra3 Rac8 19.Rfa1 Rc7 20.Nf3 h5 21.Ng5 Nd4 22.Bxd4 exd4
23.Nf3 Bf8 24.Rb3 c5 25.bxc5 Rxc5 26.Ra2 Rec8 27.Qd1 Bg7 28.Ne1 R8c7 29.Ra6 Rc3
30.Qb1 R3c5 31.Rba3 Bh6 32.Qd1 Bf8 33.Ra2 R5c6 34.Qb1 Bc5 35.Nf3 Qe7 36.Qb5 Rd6
37.e5 Rdd7 38.R2a4 Kg7 39.Qb1 Qe6 40.Qe1 Qf5 41.Qd2 b5  1-0

[Event "ch-ROM"]
[Site "Targoviste ROM"]
[Date "2001.12.07"]
[Round "13"]
[White "Sofronie,I"]
[Black "Parligras,M"]
[Result "0-1"]
[WhiteElo "2473"]
[BlackElo "2431"]

1.e4 c5 2.Nf3 Nc6 3.Bb5 d6 4.O-O Bd7 5.c3 Nf6 6.Re1 a6 7.Bf1 Bg4 8.h3 Bxf3
9.Qxf3 g6 10.d3 Bg7 11.g4 O-O 12.Bg2 Nd7 13.Qg3 Rc8 14.Nd2 b5 15.Nf1 b4 16.Bd2 Nb6
17.Rab1 Na4 18.Rec1 Qa5 19.Ne3 Nxb2 20.d4 cxd4 21.cxb4 dxe3 22.bxa5 exd2
23.Rd1 Nxd1 24.Rxd1 Nxa5 25.Rxd2 Rc1+ 26.Kh2 Nc4 27.Rd3 g5 28.Rd5 h6 29.f4 e6
30.Rd3 gxf4 31.Qf2 Rb8 32.Qa7 Rb2 33.Rb3 Be5  0-1

[Event "FSGMB December"]
[Site "Budapest HUN"]
[Date "2001.12.09"]
[Round "9"]
[White "Balogh,C"]
[Black "Grivas,E"]
[Result "1/2-1/2"]
[WhiteElo "2367"]
[BlackElo "2489"]

1.e4 c5 2.Nf3 Nc6 3.Bb5 d6 4.O-O Bd7 5.Re1 Nf6 6.c3 a6 7.Bf1 Bg4 8.d4 cxd4
9.cxd4 e5 10.d5 Nd4 11.Be3 Nxf3+ 12.gxf3 Bc8 13.Nd2 Be7 14.Nc4 Nd7 15.f4 b5
16.Nd2 exf4 17.Bxf4 O-O 18.Nf3 Nf6  1/2-1/2

[Event "Rudenko mem w"]
[Site "St Petersburg RUS"]
[Date "2001.12.10"]
[Round "3"]
[White "Zvereva,M"]
[Black "Eidelson,R"]
[Result "0-1"]
[WhiteElo "2153"]
[BlackElo "2282"]

1.e4 c5 2.Nf3 Nc6 3.Bb5 Qc7 4.Nc3 a6 5.Bxc6 dxc6 6.h3 e5 7.d3 Ne7 8.Be3 Ng6
9.Qd2 b6 10.O-O Bd6 11.Na4 Rb8 12.a3 O-O 13.b4 cxb4 14.axb4 f5 15.exf5 Bxf5
16.Ng5 Nh4 17.Qc3 Kh8 18.Ne4 Bxh3 19.gxh3 Qf7 20.Rfd1 Qf3  0-1

[Event "Friendship IM"]
[Site "Prerove CZE"]
[Date "2001.12.12"]
[Round "9"]
[White "Hasangatin,R"]
[Black "Pataki,G"]
[Result "1/2-1/2"]
[WhiteElo "2479"]
[BlackElo "2344"]

1.e4 c5 2.Nf3 Nc6 3.Bb5 e6 4.Bxc6 bxc6 5.d3 Qc7 6.O-O e5 7.c3 Nf6 8.Re1 Be7
9.d4 exd4 10.cxd4 cxd4 11.Nxd4 d5 12.exd5 Nxd5 13.Qc2 c5 14.Nb5 Qd7 15.N1c3 Nxc3
16.Nxc3 O-O 17.Bf4 Qb7 18.Rad1 Be6 19.Bd6 Rfd8 20.Bxe7 Qxe7 21.Qa4 h6 22.Rxd8+  1/2-1/2

[Event "Rudenko mem w"]
[Site "St Petersburg RUS"]
[Date "2001.12.13"]
[Round "6"]
[White "Miednikova,S"]
[Black "Zvereva,M"]
[Result "1-0"]
[WhiteElo "2156"]
[BlackElo "2153"]

1.e4 c5 2.Nf3 Nc6 3.Bb5 g6 4.c3 Nf6 5.Qe2 Bg7 6.O-O O-O 7.d4 cxd4 8.cxd4 a6
9.Ba4 b5 10.Bb3 d5 11.e5 Ne4 12.Rd1 h6 13.Be3 Bg4 14.h3 Bxf3 15.Qxf3 e6 16.Bc2 Ng5
17.Qg4 Nb4 18.Bb3 a5 19.a4 bxa4 20.Bxa4 f5 21.exf6 Qxf6 22.Nc3 Nf7 23.Nb5 Qf5
24.Nc7  1-0

[Event "London Open"]
[Site "London ENG"]
[Date "2001.12.15"]
[Round "4"]
[White "Gormally,D"]
[Black "Sowray,P"]
[Result "1-0"]
[WhiteElo "2505"]
[BlackElo "2310"]

1.e4 c5 2.Nf3 Nc6 3.Bb5 g6 4.O-O Bg7 5.c3 Nf6 6.d4 cxd4 7.cxd4 d5 8.e5 Ne4
9.Nc3 Bf5 10.Re1 O-O 11.Bd3 Nxc3 12.bxc3 Bxd3 13.Qxd3 Qd7 14.h4 Nd8 15.h5 Ne6
16.Bd2 Rac8 17.h6 Bh8 18.Nh4 Nd8 19.Qg3 Rc6 20.f4 f5 21.exf6 Bxf6 22.f5 Bxh4
23.Qxh4 Qxf5 24.Rxe7 Re6 25.Re1 Rxe1+ 26.Qxe1 Rf7 27.Re8+ Rf8 28.Qe7 Qf1+
29.Kh2 Qf7 30.Rxf8+ Qxf8 31.Qd7 Nf7 32.Qxb7 Qd8 33.Kg1 g5 34.Qxa7 Nxh6 35.Qa6 Nf7
36.Qe6 Qa5 37.Bxg5 Qxc3 38.Bf6 Qc1+ 39.Kf2 Qd2+ 40.Kg3 Qc3+ 41.Kh4  1-0

[Event "TCh-CZE 2001-2"]
[Site "CZE"]
[Date "2001.12.16"]
[Round "5"]
[White "Cicak,S"]
[Black "Markos,J"]
[Result "1-0"]
[WhiteElo "2545"]
[BlackElo "2454"]

1.e4 c5 2.Nf3 Nc6 3.Bb5 g6 4.Bxc6 bxc6 5.O-O Bg7 6.e5 f6 7.d4 cxd4 8.exf6 Nxf6
9.Qxd4 O-O 10.Qh4 c5 11.Bh6 Bb7 12.Nbd2 Nh5 13.Bg5 Bf6 14.Bxf6 Rxf6 15.Qc4+ e6
16.Qxc5 Nf4 17.Qe3 Qc7 18.Ne1 d5 19.f3 d4 20.Qa3 Rf5 21.Rf2 Rg5 22.Kh1 Rh5
23.Nf1 Bd5 24.Rd1 Qe5 25.Qa4 Ne2 26.Nd3 Ng3+ 27.Kg1 Ne2+ 28.Rxe2 Qxe2 29.Rd2 Re5
30.Qxd4  1-0

[Event "TCh-CZE 2001-2"]
[Site "CZE"]
[Date "2001.12.16"]
[Round "5"]
[White "Hracek,Z"]
[Black "Jakubiec,A"]
[Result "1-0"]
[WhiteElo "2586"]
[BlackElo "2518"]

1.e4 c5 2.Nf3 Nc6 3.Bb5 g6 4.Bxc6 bxc6 5.O-O Bg7 6.Re1 Nh6 7.h3 O-O 8.c3 f6
9.d4 cxd4 10.cxd4 Nf7 11.b3 d6 12.Bb2 e5 13.Nbd2 Be6 14.Rc1 Qb6 15.dxe5 fxe5
16.Re3 Bh6 17.Rec3 Rac8 18.Qc2 Qa5 19.Rd1 Rfd8 20.Nc4 Qa6 21.Bc1 Bf8 22.Ng5 Nxg5
23.Bxg5 Rd7 24.Ne3 h6 25.Bh4 Rb7 26.Nc4 Rd7 27.Bg3 Kh7 28.f4 exf4 29.Bxf4 Bg7
30.Rg3 c5 31.Nxd6 Rf8 32.e5 Bf5 33.Nxf5 Rxd1+ 34.Qxd1 Rxf5 35.Rf3 Qe6 36.Qd6 Qf7
37.e6 Qe8 38.Bg3 Rxf3 39.gxf3 Bf6 40.Qd7+ Qxd7 41.exd7 Bd8 42.Bd6 Kg7 43.Bxc5 a6
44.Kf2 Kf7 45.Ke3 Ke6 46.Ke4 Kxd7 47.Kd5 h5 48.b4 Bg5 49.a4 Bf4 50.Bd4  1-0

[Event "Salona"]
[Site "Solin-Split CRO"]
[Date "2001.12.16"]
[Round "9"]
[White "Zelcic,R"]
[Black "Kozul,Z"]
[Result "1-0"]
[WhiteElo "2547"]
[BlackElo "2569"]

1.e4 c5 2.Nf3 Nc6 3.Bb5 Qb6 4.a4 Nd4 5.Nxd4 cxd4 6.O-O a6 7.Bc4 e6 8.d3 Ne7
9.Nd2 Nc6 10.f4 Qd8 11.Qg4 d6 12.Nf3 Bd7 13.Qg3 Rc8 14.f5 Qb6 15.Ng5 Nd8
16.Nxf7 Nxf7 17.fxe6 Ne5 18.exd7+ Kxd7 19.Be6+  1-0

[Event "XIV Carlos Torre"]
[Site "Merida MEX"]
[Date "2001.12.18"]
[Round "5"]
[White "Garmendez,F"]
[Black "Ancheyta,A"]
[Result "1-0"]
[WhiteElo "2410"]
[BlackElo "2142"]

1.e4 c5 2.Nf3 Nc6 3.Bb5 g6 4.O-O Bg7 5.Re1 Nf6 6.c3 O-O 7.d4 d6 8.h3 Qb6
9.Na3 cxd4 10.cxd4 a6 11.Bf1 Nd7 12.Nc4 Qc7 13.a4 Nb6 14.Ne3 a5 15.Ra3 Nb4
16.Bd2 d5 17.Rc3 Qd8 18.e5 Bd7 19.b3 Nc8 20.Rc5 e6 21.Ng4 f5 22.Bg5 Qb6 23.Nf6+ Bxf6
24.Bxf6 Nc6 25.Qd2 Nd6 26.Qh6 Rf7 27.Ng5 Raf8 28.exd6  1-0

[Event "Christmas Open"]
[Site "Zadar CRO"]
[Date "2001.12.18"]
[Round "4"]
[White "Palac,M"]
[Black "Loncar,R"]
[Result "1-0"]
[WhiteElo "2572"]
[BlackElo "2458"]

1.e4 c5 2.Nf3 Nc6 3.Bb5 g6 4.Bxc6 dxc6 5.d3 Bg7 6.h3 Nf6 7.Nc3 Nd7 8.Be3 e5
9.Qd2 h6 10.O-O Qe7 11.Nh2 Nf8 12.f4 exf4 13.Rxf4 Ne6 14.Rf2 Nd4 15.Raf1 Be6
16.Ng4 Bxg4 17.hxg4 f6 18.b4 O-O-O 19.Ne2 Nxe2+ 20.Rxe2 cxb4 21.Bxa7 b5 22.Qe3 Rd7
23.Bc5 Qe6 24.Bxb4 h5 25.gxh5 Rxh5 26.Bc3 Qd6 27.g3 Bh8 28.Rh2 Rdh7 29.Rxh5 Rxh5
30.Rf2 Bg7 31.Qf3 Kb7 32.e5 Qa3 33.exf6 Qc1+ 34.Rf1 Qxc2 35.Qxh5 gxh5 36.fxg7 Qxa2
37.Rf8 Qb1+ 38.Kf2 Qc2+ 39.Ke3 Qc1+ 40.Ke2 Qxc3 41.g8=Q Qc2+ 42.Ke3 Qc1+
43.Kf2 Qd2+ 44.Kg1 Qe1+ 45.Kg2 Qe2+ 46.Kh3  1-0

[Event "ch-BRA"]
[Site "Sao Paolo BRA"]
[Date "2001.12.19"]
[Round "4"]
[White "Tsuboi,E"]
[Black "Braga,C"]
[Result "1-0"]
[WhiteElo "2341"]
[BlackElo "2444"]

1.e4 c5 2.Nf3 Nc6 3.Bb5 g6 4.O-O Bg7 5.Re1 Nf6 6.c3 O-O 7.d4 d5 8.e5 Ne4
9.Nbd2 cxd4 10.cxd4 Bf5 11.Bxc6 bxc6 12.Nb3 a5 13.a4 f6 14.exf6 Rxf6 15.Bf4 Bg4
16.Be5 Rf5 17.Bxg7 Kxg7 18.Re3 Qd6 19.Qe1 Bxf3 20.gxf3 Ng5 21.Kg2 Raf8 22.Nc5 e5
23.Raa3 exd4 24.Ne6+ Nxe6 25.Rxe6 Qf4 26.Rxc6 Qg5+ 27.Kh1 Rxf3 28.Rxf3 Rxf3
29.Rc7+ Kh6 30.Qe2 Rh3 31.Qe6 Rd3 32.Qe2 Qf5 33.Re7 Qf3+ 34.Qxf3 Rxf3 35.Kg2 Rb3
36.Ra7 Kg5 37.Rxa5 Kf4 38.Rb5 Rxb5 39.axb5 Ke5 40.Kf3 g5 41.Ke2 Kd6 42.b4 Kc7
43.Kd3 Kb6 44.Kxd4 Kxb5 45.Kxd5 Kxb4 46.Ke5 Kc4 47.Kf5 Kd3 48.Kxg5 Ke4 49.f4 h6+
50.Kg4 h5+ 51.Kg5  1-0

[Event "Winter Cup"]
[Site "Bucharest ROM"]
[Date "2001.12.20"]
[Round "10"]
[White "Sebe,F"]
[Black "Moraru,M"]
[Result "0-1"]
[WhiteElo "2278"]
[BlackElo "2303"]

1.e4 c5 2.Nf3 Nc6 3.Bb5 g6 4.O-O Bg7 5.Nc3 e5 6.a3 Nge7 7.b4 cxb4 8.axb4 O-O
9.Bc4 d6 10.Ba3 Bg4 11.h3 Bxf3 12.Qxf3 Nd4 13.Qd1 Kh8 14.Ne2 Rc8 15.Bd3 Nxe2+
16.Bxe2 f5 17.exf5 gxf5 18.Bb2 Qb6 19.b5 Ng6 20.Re1 Rg8 21.Bf1 e4 22.Bxg7+ Rxg7
23.Qh5 Rf8 24.d3 d5 25.Qh6 Qc5 26.c4 Ne5 27.Re2 Nxd3 28.cxd5 Qxd5 29.Re3 f4
30.Re2 f3 31.Rd2 Qe5 32.Rad1 Rfg8  0-1

[Event "TSGM December"]
[Site "Belgrade YUG"]
[Date "2001.12.21"]
[Round "7"]
[White "Payen,A"]
[Black "Paschall,W"]
[Result "0-1"]
[WhiteElo "2401"]
[BlackElo "2393"]

1.e4 c5 2.Nf3 Nc6 3.Bb5 d6 4.O-O Bd7 5.Re1 Nf6 6.h3 e6 7.c3 Be7 8.a4 Rc8
9.Na3 O-O 10.Nc2 a6 11.Bf1 Na5 12.Na3 c4 13.Ra2 Qe8 14.Nb1 Nb3  0-1

[Event "13th Masters"]
[Site "Clichy FRA"]
[Date "2001.12.23"]
[Round "9"]
[White "Di Paolo,R"]
[Black "Calistri,T"]
[Result "1/2-1/2"]
[WhiteElo "2326"]
[BlackElo "2324"]

1.e4 c5 2.Nf3 Nc6 3.Bb5 d6 4.O-O Nf6 5.e5 dxe5 6.Nxe5 Bd7 7.Bxc6 Bxc6 8.Nxc6 bxc6
9.d3 e6 10.Nc3 Be7 11.Be3 Nd5 12.Ne4 Nxe3 13.fxe3 O-O 14.Nd2 Qd5 15.Nc4 Rab8
16.Qe2 Bf6 17.Rab1 Rb7 18.Kh1 Rfb8 19.e4 Qd7 20.e5 Be7 21.b3 Qd5 22.Qg4 Rf8
23.Rbe1 Rd7 24.Re4 Rb7 25.Rf3 Qd8 26.Qh5 Bg5 27.Nd6 Rd7 28.Rg4 h6 29.Ne4 Rd4
30.Nxg5 Rxg4 31.Qxg4 Qxg5 32.Qxg5 hxg5 33.Rg3 Rd8 34.Kg1 Rd5 35.Rxg5 f5 36.Kf2 Rxe5
37.Rh5 Rd5  1/2-1/2

[Event "Christmas Open"]
[Site "Zadar CRO"]
[Date "2001.12.23"]
[Round "9"]
[White "Ikica,A"]
[Black "Brulic,D"]
[Result "0-1"]
[WhiteElo "2080"]
[BlackElo "2148"]

1.e4 c5 2.Nf3 Nc6 3.Bb5 Qb6 4.Nc3 e6 5.O-O a6 6.Bc4 Nge7 7.Re1 d6 8.a4 Ng6
9.d3 Be7 10.Ra3 Bd7 11.Ba2 Rc8 12.Be3 Nd4 13.Bc1 Qc7 14.a5 Nc6 15.Bd2 O-O
16.Rf1 Nxa5 17.Nd5 exd5 18.Bxa5 b6 19.Bd2 dxe4 20.dxe4 Bc6 21.Re1 Qb7 22.Rae3 Rcd8
23.R3e2 h6 24.h3 Bf6 25.Qc1 Bb5 26.c4 Bc6 27.Bc3 Be5 28.Bb1 Qe7 29.Rd1 Qf6
30.Bxe5 dxe5 31.Red2 Nf4 32.Qc3 Ne2+  0-1